Formula 1 - the youngest and the oldest winners - Statistics

General Stats
  • This quiz has been taken 525 times
    226 since last reset
  • The average score is 19 of 30
Answer Stats
Age Nationality Driver % Correct
18y 07m 15d Netherlands Max Verstappen
99%
21y 10m 16d Monaco Charles Leclerc
98%
22y 00m 26d Spain Fernando Alonso
98%
21y 02m 11d Germany Sebastian Vettel
96%
23y 05m 06d Finland Kimi Räikkönen
92%
39y 00m 04d Finland Kimi Räikkönen
92%
22y 05m 03d United Kingdom Lewis Hamilton
86%
39y 06m 21d United Kingdom Lewis Hamilton
86%
46y 01m 11d Argentina Juan Manuel Fangio
84%
23y 06m 01d Poland Robert Kubica
83%
23y 07m 27d Germany Michael Schumacher
81%
46y 09m 03d Italy Giuseppe Farina
76%
24y 04m 11d South Africa Jody Scheckter
74%
38y 09m 16d Brazil Nelson Piquet
74%
23y 03m 15d Australia Oscar Piastri
72%
22y 03m 12d New Zealand Bruce McLaren
68%
43y 11m 05d Australia Jack Brabham
66%
23y 06m 06d Belgium Jacky Ickx
65%
23y 09m 22d Brazil Emerson Fittipaldi
63%
40y 03m 03d United Kingdom Graham Hill
63%
39y 10m 09d Switzerland Clay Regazzoni
59%
39y 01m 05d Argentina Carlos Reutemann
52%
41y 03m 05d United Kingdom Nigel Mansell
45%
53y 00m 22d Italy Luigi Fagioli
42%
24y 02m 25d United Kingdom Mike Hawthorn
32%
40y 06m 18d France Maurice Trintignant
30%
45y 07m 06d Italy Piero Taruffi
29%
42y 10m 17d United States Sam Hanks
14%
22y 02m 19d United States Troy Ruttman
14%
39y 08m 22d United States Lee Wallard
11%
No matching quizzes found
Score Distribution
Percent of People with Each Score
Percentile by Number Answered
Your Score History
You have not taken this quiz since the last reset